International express intermediate : Intermediate workbook
A two-level general English course designed specifically for working adults at pre-intermediate and intermediate level. The emphasis is on covering the English they will need for work, travel, and socializing, by the use of serious, high-interest materials which will appeal to busy professionals.
সংরক্ষণ করুন:
| প্রধান লেখক: | |
|---|---|
| বিন্যাস: | গ্রন্থ |
| ভাষা: | Undetermined |
| প্রকাশিত: |
Oxford
Oxford Univ. Press
1998
|
| বিষয়গুলি: | |
| ট্যাগগুলো: |
ট্যাগ যুক্ত করুন
কোনো ট্যাগ নেই, প্রথমজন হিসাবে ট্যাগ করুন!
|
| Thư viện lưu trữ: | Trung tâm Học liệu Trường Đại học Cần Thơ |
|---|
| LEADER | 00984nam a2200229Ia 4500 | ||
|---|---|---|---|
| 001 | CTU_35200 | ||
| 008 | 210402s9999 xx 000 0 und d | ||
| 020 | |c 32000 | ||
| 082 | |a 428.24 | ||
| 082 | |b M143 | ||
| 100 | |a Macfarlane, Mike | ||
| 245 | 0 | |a International express intermediate : | |
| 245 | 0 | |b Intermediate workbook | |
| 245 | 0 | |c Mike Macfarlane, Karen Viney | |
| 260 | |a Oxford | ||
| 260 | |b Oxford Univ. Press | ||
| 260 | |c 1998 | ||
| 520 | |a A two-level general English course designed specifically for working adults at pre-intermediate and intermediate level. The emphasis is on covering the English they will need for work, travel, and socializing, by the use of serious, high-interest materials which will appeal to busy professionals. | ||
| 650 | |a English language,English language | ||
| 650 | |x Study and teaching - problems, exercises, etc,Textbooks for foreign speakers | ||
| 904 | |i Minh, 000222 | ||
| 980 | |a Trung tâm Học liệu Trường Đại học Cần Thơ | ||